Rysuje sa slovenské finále? Basketbalová liga mužov ; Vladislav Kilian, Mikuláš Wurm, Jaroslav Hrubý, Ján Hurtík, Vladimír Ľach

Bibliographic Details
Main Authors: Kilian, Vladislav (Author), Wurm, Mikuláš (Author), Hrubý, Jaroslav (Author), Hurtík, Ján (Author), Ľach, Vladimír, 1949-2019 (Author)
Format: Article
Language:Slovak
Subjects:

MARC

LEADER 00000nab a2200000 a 4500
001 vtls000344169
003 SK-MaSNL
005 20260303172321.0
008 111201c1989 xo 0 slo
015 |a SNBRB19rr/mm-uuuuu 
035 |a CL0344291 
040 |a SNKBUCL  |b slo  |c SNKBUCL  |e AACR2 
041 0 |a slo 
044 |a xo  |c SK 
080 |a 796.323.093.1(437)  |2 1981 
245 0 0 |a Rysuje sa slovenské finále?  |b Basketbalová liga mužov ; Vladislav Kilian, Mikuláš Wurm, Jaroslav Hrubý, Ján Hurtík, Vladimír Ľach 
650 0 7 |a basketbal  |2 snkbucl  |9 3290 
655 7 |a články z novín a časopisov  |2 snkbucl  |9 267496 
700 1 |a Kilian, Vladislav  |4 aut  |9 921373 
700 1 |a Wurm, Mikuláš  |4 aut  |9 873430 
700 1 |a Hrubý, Jaroslav  |4 aut  |9 308068 
700 1 |a Hurtík, Ján  |4 aut  |9 469687 
700 1 |a Ľach, Vladimír,  |d 1949-2019  |4 aut  |9 229697 
773 0 |t Šport  |g Roč. 43, č. 43 (20. 2. 1989), s. 4 
850 |a Slovenská národná knižnica v Martine  |a MTA001 
852 |a SNK  |b KIS3GCP 
958 |a RK 
992 |a RBX 
999 |c 2085913  |d 2087843